Suitable timing for pellet compost application on chinese kale at crop station of royal university of agriculture, ពេលវេលាសមស្របនៃការដាក់ជីកំប៉ុស្តិ៍គ្រាប់ទៅលើដំណាំខាត់ណាដើម នៅក្នុងស្ថានីយ៍ពិសោធន៍ដំណាំ នៃសាកលវិទ្យាល័យភូមិន្ទ (Record no. 7814)

000 -LEADER
fixed length control field 00824nam a22001577a 4500
003 - CONTROL NUMBER IDENTIFIER
control field OSt
005 - DATE AND TIME OF LATEST TRANSACTION
control field 20160324151637.0
008 - FIXED-LENGTH DATA ELEMENTS--GENERAL INFORMATION
fixed length control field 160324b xxu||||| |||| 00| 0 eng d
040 ## - CATALOGING SOURCE
Transcribing agency RUA
082 ## - DEWEY DECIMAL CLASSIFICATION NUMBER
Classification number AGR LAC 2010 B471 Or.1
100 ## - MAIN ENTRY--PERSONAL NAME
9 (RLIN) 8196
Personal name LACH RAVY; ឡាច រ៉ាវី
245 ## - TITLE STATEMENT
Title Suitable timing for pellet compost application on chinese kale at crop station of royal university of agriculture, ពេលវេលាសមស្របនៃការដាក់ជីកំប៉ុស្តិ៍គ្រាប់ទៅលើដំណាំខាត់ណាដើម នៅក្នុងស្ថានីយ៍ពិសោធន៍ដំណាំ នៃសាកលវិទ្យាល័យភូមិន្ទ
260 ## - PUBLICATION, DISTRIBUTION, ETC. (IMPRINT)
Place of publication, distribution, etc. Phnom Penh
Name of publisher, distributor, etc. RUA
Date of publication, distribution, etc. 2010
300 ## - PHYSICAL DESCRIPTION
Extent x ;41p.
Other physical details ill.
Dimensions 29cm.
942 ## - ADDED ENTRY ELEMENTS (KOHA)
Source of classification or shelving scheme
Koha item type AGR
Holdings
Price effective from Date last seen Permanent Location Not for loan Date acquired Source of classification or shelving scheme Koha item type Lost status Withdrawn status Date last checked out Total Checkouts Shelving location Damaged status Barcode Current Location Full call number
2016-03-242016-11-04Library Block B 2016-03-24 AGR  2016-10-281B471 RUA057558Library Block BAGR LAC 2010 B471 Or.1
មជ្ឈមណ្ឌលឯការនៃសាកលវិទ្យាល័យភូមិន្ទកសិកម្មចំការដូង

Powered by Koha